American Military Quiz - Statistics

General Stats
  • This quiz has been taken 92 times
  • The average score is 7 of 10
Answer Stats
Question Answer % Correct
The United States has over one million soldiers active True
100%
Full Metal Jacket, Forrest Gump, and Apocalypse Now are all about this conflict Vietnam War
92%
The United States Army is the oldest branch of the military True
85%
This football player was KIA during a mission in Afghanistan Pat Tillman
77%
How many presidents have served in the United States Army? Fourteen
69%
How many branches of the Armed Forces does the US have? Six
69%
When was the Selective Service System created? 1917
62%
Elvis, Mr. T, and Jackie Robinson all served in this branch of the military Army
62%
Who was the most recent president to have been a military veteran (not counting reserves)? George H.W. Bush
46%
What is the highest rank in the Army? General of the Armies
38%
No matching quizzes found
Score Distribution
Percent of People with Each Score
Percentile by Number Answered
Your Score History
You have not taken this quiz